Handbook of journalism / (Record no. 122574)

MARC details
000 -LEADER
fixed length control field 00728nam a22002417a 4500
003 - CONTROL NUMBER IDENTIFIER
control field dpl
005 - DATE AND TIME OF LATEST TRANSACTION
control field 20180806152747.0
008 - FIXED-LENGTH DATA ELEMENTS--GENERAL INFORMATION
fixed length control field 180806b xxu||||| |||| 00| 0 eng d
010 ## - LIBRARY OF CONGRESS CONTROL NUMBER
LC control number B-092654
020 ## - INTERNATIONAL STANDARD BOOK NUMBER
International Standard Book Number 8174451730
Terms of availability 495.00
035 ## - SYSTEM CONTROL NUMBER
System control number B-092654, B-092656
037 ## - SOURCE OF ACQUISITION
Source of stock number/acquisition Cen Lib/Ret
040 ## - CATALOGING SOURCE
Original cataloging agency DPL
Language of cataloging EN
Transcribing agency 0
082 ## - DEWEY DECIMAL CLASSIFICATION NUMBER
Classification number 070.4
245 ## - TITLE STATEMENT
Title Handbook of journalism /
Statement of responsibility, etc edited by M. S. Sharma
260 ## - PUBLICATION, DISTRIBUTION, ETC. (IMPRINT)
Place of publication, distribution, etc New Delhi
Name of publisher, distributor, etc Mohit Publications
Date of publication, distribution, etc 2002
270 ## - ADDRESS
Address 4675/21 Ansari Road, Daryaganj
City New Delhi
Postal code 110002
300 ## - PHYSICAL DESCRIPTION
Extent v,224p.
Dimensions 22cm(Hb)
650 ## - SUBJECT ADDED ENTRY--TOPICAL TERM
Topical term or geographic name as entry element Journalism
Form subdivision Handbook
9 (RLIN) 871
650 ## - SUBJECT ADDED ENTRY--TOPICAL TERM
Topical term or geographic name as entry element Mass Communication
Form subdivision Handbook
9 (RLIN) 872
700 ## - ADDED ENTRY--PERSONAL NAME
Personal name Sharma, M. S.
9 (RLIN) 875
942 ## - ADDED ENTRY ELEMENTS (KOHA)
Source of classification or shelving scheme Dewey Decimal Classification
Koha item type English Books
Classification part 070.4
Call number suffix HAN
Holdings
Withdrawn status Lost status Damaged status Not for loan Collection code Home library Current library Date acquired Source of acquisition Cost, normal purchase price Total Checkouts Full call number Barcode Date last seen Copy number Cost, replacement price Price effective from Koha item type Source of classification or shelving scheme Shelving location
      Not For Loan Reference Central Library Central Library 28/05/2015 Cen Lib/Ret 495.00   070.4 HAN B-092654 28/05/2015 1 495.00 15/09/2016 English Books    
          Kadipur Kadipur 03/07/2019 BPPD/PUB 495.00   070.4 HAN B-092672 03/07/2019 3 495.00 03/07/2019 English Books Dewey Decimal Classification General Stacks
        Non-fiction Patel Nagar Patel Nagar 06/08/2018 BPPD/PUB 495.00   070.4 HAN B-092656 06/08/2018   495.00 06/08/2018 English Books Dewey Decimal Classification  

© Delhi Public Library
Hit Counter
free hit counter